000 01774nam a2200313Ia 4500
001 H5569
003 IT-RoPAU
008 130308s9999 xx 000 0 und d
040 _aIT-RoPAU
040 _cIT-RoPAU
041 _aITALIANO
100 _aChion Michel
100 _gCodice Aut. SPICS: 10243
240 _aAUDIO-VISION (L')
240 _gCodice Tit. Orig. Spics: 99432
245 _aAudiovisione suono e immagine nel cinema (L')
245 _bAudiovisione Suono e immagine nel Cinema (L')
250 _a1a ed.
260 _aTORINO
260 _bLindau
260 _c2001 [1° Ed.:2001 - Ed.Ling.Originale:1990]
300 _a"208 p. (prefazione: no ; testo: 208 [pagine: 0-0])"
500 _a"Introduzione. Contratto Audiovisivo: Proiezioni del Suono Sull'Immagine; tre Ascolti; linee e Punti; scena Audiovisiva; Reale e Resa; Audiovisione Vuota. al di Là dei Suoni e Immagini: Degno del Nome di Sonoro; Televisione,Clip, Video; Verso 1 Audio logo Visivo; Introduzione a Un'Analisi Audiovisiva. Bibliografia Generale. scopo di Questo Libro è Mostrare Come in Realtà, nella Combinazione Audiovisiva, una Percezione Influenzi l'altra e la Trasformi: Non si Vede la Stessa Cosa Quando si Sente; Non si sente la Stessa Cosa Quando di Vede. La presente Opera è al Tempo Stesso Teorica e Pratica, in Quanto, Descrivendo e Formulando Il Rapporto Audiovisivo Come Contratto (Vale a Dire Come Il Contrario di un Rapporto Naturale che Rimandi a Un'Armonia Preesistente tra le Percezioni), Essa Delinea un Metodo di Osservazione e di Analisi Suscettibile di Essere Applicato Ai Film, Alle Trasmissioni Televisive, Ai Video..."
650 _aSAGGI DI SEMIOLOGIA
650 _eCodice materia Spics: 3257
942 _cBK
957 _71
999 _c88205
_d88205
999 _g1